[Event "IIFL Wealth  4th Mumbai Junior U-13"]
[Site "Mumbai"]
[Date "2019.01.03"]
[Round "5"]
[White "Barde Om"]
[Black "Raghu Ram Reddy Seelam"]
[Result "1/2-1/2"]
[WhiteElo "1801"]
[BlackElo "1472"]
[Annotator "NA RC"]
[PlyCount "88"]
[EventDate "2018.12.30"]
[EventType "swiss"]
[EventCountry "IND"]
[SourceTitle "playchess.com"]
[Source "ChessBase"]
[SourceQuality "1"]
[TimeControl "40/5400+30:1800+30"]

1. e4 {[%emt 0:00:00]} e5 {[%emt 0:00:32]} 2. Nf3 {[%emt 0:00:00]} Nc6 {[%emt 0:00:09]} 3. Bc4 {[%emt 0:00:00]} Bc5 {[%emt 0:00:04]} 4. d3 {[%emt 0:00:00]} Nf6 {[%emt 0:00:37]} 5. c3 {[%emt 0:00:02]} a6 {[%emt 0:01:53]} 6. Bb3 {[%emt 0:01:44] LiveBook: 1181 Games} Ba7 {[%emt 0:00:39]} 7. Bg5 {[%emt 0:01:54] C54: Giuoco Piano: 4 c3 Nf6, main lines with 5 d4 and 5 d3} (7. h3 O-O 8. Qe2 d6 9. Nbd2 Nd7 10. g4 Nc5 11. Bc2 Ne6 12. Nf1 Ne7 13. Ng3 Ng6 14. Nh5 b5 {0-1 (55) Jovanovic,Z (2537)-Adhiban,B (2682) Zagreb 2018}) 7... d6 {[%emt 0:04:24]} 8. h3 {[%emt 0:03:04]} h6 {[%emt 0:02:51]} 9. Bh4 {[%emt 0:00:22]} Qe7 {[%emt 0:01:33]} 10. Nbd2 {[%emt 0:09:26]} Be6 {[%emt 0:03:11]} 11. Qe2 {[%emt 0:04:01]} g5 {[%emt 0:05:21]} 12. Bg3 {[%emt 0:02:01]} Rg8 {[%emt 0:00:40]} 13. O-O-O {[%emt 0:06:03]} O-O-O {[%emt 0:00:21]} 14. Kb1 $146 {[%emt 0:05:44]} ({Predecessor:} 14. Ba4) 14... Bb6 {[%emt 0:23:47]} 15. Bc2 {[%emt 0:01:11]} Qe8 {[%emt 0:06:53]} 16. Nf1 {[%emt 0:14:11]} ({White should try} 16. Bh2 $11) 16... Qe7 {[%emt 0:06:16]} 17. Qe1 {[%emt 0:03:54]} Rde8 {[%emt 0:01:29]} 18. a3 {[%emt 0:04:08]} Nh5 {[%emt 0:00:35]} 19. Qd2 {[%emt 0:07:30]} f5 {[%emt 0:03:12]} 20. Bh2 {[%emt 0:14:00]} fxe4 {[%emt 0:04:46]} 21. dxe4 {[%emt 0:00:06]} Qf6 {[%emt 0:00:32]} 22. Qe2 {[%emt 0:06:46]} Nf4 {[%emt 0:04:21]} 23. Bxf4 {[%emt 0:00:07]} gxf4 {[%emt 0:00:07]} 24. Rh2 {[%emt 0:04:59]} Re7 {[%emt 0:02:40]} 25. N1d2 {[%emt 0:00:52]} Reg7 {[%emt 0:00:36]} 26. Ne1 {[%emt 0:00:44]} Qh4 {[%emt 0:01:23]} 27. f3 {[%emt 0:04:24]} Qf2 $17 {[%emt 0:01:58]} (27... Bg1 $19 28. Rh1 Bf2) 28. g4 {[%emt 0:04:03]} Qxe2 {[%emt 0:02:08]} 29. Rxe2 {[%emt 0:00:04]} h5 {[%emt 0:00:10]} 30. Bb3 {[%emt 0:02:04]} Bxb3 {[%emt 0:00:21]} 31. Nxb3 {[%emt 0:00:02]} hxg4 {[%emt 0:00:09]} 32. hxg4 {[%emt 0:00:04]} Rh8 {[%emt 0:00:45]} 33. Nd3 {[%emt 0:02:12]} Rh3 {[%emt 0:01:10]} 34. Rf1 {[%emt 0:00:03]} Ne7 {[%emt 0:00:20]} 35. Nd2 {[%emt 0:00:58]} Ng6 {[%emt 0:01:11]} 36. Kc2 {[%emt 0:00:42]} Nh4 {[%emt 0:00:31]} 37. Kd1 {[%emt 0:00:12]} Rh7 {[%emt 0:01:58]} 38. Ne1 {[%emt 0:00:50]} Ng6 {[%emt 0:02:15]} 39. Rg2 {[%emt 0:00:28]} Nh4 {[%emt 0:00:09]} 40. Re2 {[%emt 0:00:00]} Ng6 {[%emt 0:00:00]} 41. Rg2 {[%emt 0:00:28]} Nh4 {[%emt 0:00:06]} 42. Re2 {[%emt 0:00:05]} Ng6 {[%emt 0:00:04]} 43. Rg2 {[%emt 0:00:04]} Nh4 {[%emt 0:00:03]} 44. Re2 Kd7 1/2-1/2

[Event "IIFL Wealth  4th Mumbai Junior U-13"]
[Site "Mumbai"]
[Date "2019.01.03"]
[Round "5"]
[White "Devesh Anand Naik"]
[Black "Parab Ram Vishal"]
[Result "1-0"]
[WhiteElo "1763"]
[BlackElo "1242"]
[Annotator "NA"]
[PlyCount "91"]
[EventDate "2018.12.30"]
[EventType "swiss"]
[EventCountry "IND"]
[SourceTitle "playchess.com"]
[Source "ChessBase"]
[SourceQuality "1"]
[TimeControl "40/5400+30:1800+30"]

1. e4 {[%emt 0:00:00]} e5 {[%emt 0:00:14]} 2. Nf3 {[%emt 0:00:00]} Nc6 {[%emt 0:01:18]} 3. Bb5 {[%emt 0:00:00]} Bc5 {[%emt 0:01:33]} 4. O-O {[%emt 0:00:42]} Nf6 {[%emt 0:01:45]} 5. d3 {[%emt 0:00:13]} d6 {[%emt 0:01:25]} 6. c3 {[%emt 0:00:14]} O-O {[%emt 0:02:54]} 7. h3 {[%emt 0:00:41]} Bd7 {[%emt 0:01:56]} 8. Nbd2 {[%emt 0:01:53]} Qe7 {[%emt 0:02:46]} 9. Re1 {[%emt 0:02:08]} a6 {[%emt 0:03:41]} 10. Ba4 {[%emt 0:01:38]} Rfe8 {[%emt 0:01:25]} 11. Nf1 {[%emt 0:00:56]} h6 {[%emt 0:02:07]} 12. Ng3 {[%emt 0:01:54]} Rad8 {[%emt 0:03:02]} 13. d4 {[%emt 0:05:45]} Bb6 {[%emt 0:01:56]} 14. Bc2 {[%emt 0:12:37]} exd4 {[%emt 0:05:52]} 15. cxd4 {[%emt 0:00:54]} Ba5 {[%emt 0:03:53]} 16. Bd2 {[%emt 0:01:27]} Bxd2 {[%emt 0:01:44]} 17. Qxd2 {[%emt 0:00:11]} Qf8 {[%emt 0:02:36]} 18. a3 {[%emt 0:04:20]} a5 {[%emt 0:05:14]} 19. d5 {[%emt 0:07:15]} Ne5 {[%emt 0:02:51]} 20. Nxe5 {[%emt 0:00:23]} Rxe5 21. f4 {[%emt 0:06:21]} Ree8 {[%emt 0:02:41]} 22. Qxa5 {[%emt 0:02:00]} b6 {[%emt 0:02:48]} 23. Qc3 {[%emt 0:02:43]} Rc8 {[%emt 0:01:53]} 24. Qd3 {[%emt 0:01:14]} g6 {[%emt 0:02:52]} 25. Kh2 Qg7 26. Bb3 {[%emt 0:08:26]} Nh7 {[%emt 0:04:28]} 27. Re3 {[%emt 0:01:21]} Qxb2 {[%emt 0:01:11]} 28. Rae1 {[%emt 0:06:02]} Qxa3 {[%emt 0:02:43]} 29. e5 {[%emt 0:01:35]} dxe5 {[%emt 0:02:49]} 30. fxe5 {[%emt 0:00:44]} Kg7 {[%emt 0:07:23]} 31. e6 {[%emt 0:02:03]} Ba4 {[%emt 0:02:15]} 32. Qd4+ {[%emt 0:00:32]} f6 {[%emt 0:01:04]} 33. Bxa4 {[%emt 0:00:16]} Qe7 {[%emt 0:01:40]} 34. Bxe8 {[%emt 0:00:17]} Rxe8 {[%emt 0:01:00]} 35. Qg4 {[%emt 0:01:53]} Ng5 {[%emt 0:02:08]} 36. Qf4 {[%emt 0:01:29]} b5 {[%emt 0:02:49]} 37. Rc3 {[%emt 0:00:52]} Rc8 {[%emt 0:01:35]} 38. d6 {[%emt 0:01:08]} Qf8 {[%emt 0:01:00]} 39. d7 {[%emt 0:00:23]} Rd8 {[%emt 0:00:43]} 40. e7 {[%emt 0:00:00]} Qg8 {[%emt 0:00:00]} 41. exd8=Q {[%emt 0:01:25]} Qxd8 {[%emt 0:01:51]} 42. Qxc7 {[%emt 0:00:21]} Qxc7 {[%emt 0:00:33]} 43. Rxc7 {[%emt 0:00:07]} b4 {[%emt 0:00:43]} 44. d8=Q+ {[%emt 0:00:25]} Nf7 {[%emt 0:00:21]} 45. Rxf7+ {[%emt 0:00:06]} Kxf7 {[%emt 0:00:27]} 46. Re7# {[%emt 0:00:06]} 1-0

[Event "IIFL Wealth  4th Mumbai Junior U-13"]
[Site "Mumbai"]
[Date "2019.01.03"]
[Round "5"]
[White "Sadbhav Rautela"]
[Black "Varshita Jain"]
[Result "1-0"]
[WhiteElo "1746"]
[BlackElo "1461"]
[Annotator "NA"]
[PlyCount "45"]
[EventDate "2018.12.30"]
[EventType "swiss"]
[EventCountry "IND"]
[SourceTitle "playchess.com"]
[Source "ChessBase"]
[SourceQuality "1"]
[TimeControl "40/5400+30:1800+30"]

1. e4 e5 2. Nf3 Nf6 3. Nxe5 d6 4. Nf3 Nxe4 5. Nc3 Nxc3 6. dxc3 Be7 7. Be3 O-O 8. Qd2 d5 9. O-O-O c6 10. Bd3 Be6 11. Kb1 c5 12. h4 c4 13. Be2 a5 14. g4 Nc6 15. g5 f6 16. h5 b5 17. g6 b4 18. h6 hxg6 19. hxg7 Re8 20. Bd4 Nxd4 21. Nxd4 Qb6 22. Qh6 bxc3 23. Qh7+ 1-0

[Event "IIFL Wealth  4th Mumbai Junior U-13"]
[Site "Mumbai"]
[Date "2019.01.03"]
[Round "5"]
[White "Mayank Chakraborty"]
[Black "Laddha, Yash Jayesh"]
[Result "1-0"]
[WhiteElo "1691"]
[BlackElo "1449"]
[Annotator "NA RC"]
[PlyCount "165"]
[EventDate "2018.12.30"]
[EventType "swiss"]
[EventCountry "IND"]
[SourceTitle "playchess.com"]
[Source "ChessBase"]
[SourceQuality "1"]
[TimeControl "40/5400+30:1800+30"]

1. e4 {[%emt 0:00:12]} c5 {[%emt 0:00:00]} 2. Nf3 {[%emt 0:00:07]} d6 {[%emt 0:00:00]} 3. Bb5+ {[%emt 0:00:14]} Bd7 {[%emt 0:00:00]} 4. Bxd7+ {[%emt 0:00:14]} Nxd7 {[%emt 0:00:00]} 5. Nc3 {[%emt 0:00:27]} Ngf6 {[%emt 0:00:00]} 6. d3 {[%emt 0:00:49]} g6 {[%emt 0:00:07]} 7. O-O {[%emt 0:00:40]} Bg7 {[%emt 0:00:08]} 8. Bf4 {[%emt 0:01:12]} O-O {[%emt 0:01:31]} 9. Qd2 {[%emt 0:00:32]} a6 {[%emt 0:06:17]} 10. a4 {[%emt 0:01:15]} b6 {[%emt 0:11:08]} 11. Bh6 {[%emt 0:01:16]} Rb8 {[%emt 0:09:52]} 12. Bxg7 {[%emt 0:01:37]} Kxg7 {[%emt 0:00:23]} 13. Qe2 {[%emt 0:01:25]} e5 {[%emt 0:15:56]} 14. Nd2 {[%emt 0:00:40]} Nh5 {[%emt 0:08:19]} 15. Qe3 {[%emt 0:09:08]} Ndf6 {[%emt 0:06:42]} 16. Qf3 {[%emt 0:03:24]} Nf4 {[%emt 0:04:00]} 17. Ne2 {[%emt 0:04:28]} N6h5 {[%emt 0:01:47]} 18. Nxf4 {[%emt 0:00:23]} Nxf4 {[%emt 0:00:22]} 19. g3 {[%emt 0:02:42]} Ne6 {[%emt 0:04:41]} 20. Qg2 f5 {[%emt 0:08:09]} 21. f3 {[%emt 0:04:55]} Nd4 {[%emt 0:01:34]} 22. Nc4 {[%emt 0:03:45]} b5 {[%emt 0:03:42]} 23. axb5 {[%emt 0:00:11]} axb5 {[%emt 0:00:55]} 24. Ra7+ {[%emt 0:02:30]} Rf7 {[%emt 0:01:35]} 25. Rxf7+ {[%emt 0:00:25]} Kxf7 {[%emt 0:00:05]} 26. Ne3 {[%emt 0:00:41]} Qg5 {[%emt 0:05:28]} 27. Nd5 {[%emt 0:02:12]} Ne6 {[%emt 0:04:15]} 28. Ra1 {[%emt 0:02:42]} Rb7 {[%emt 0:00:35]} 29. f4 {[%emt 0:03:33]} exf4 {[%emt 0:03:33]} 30. exf5 {[%emt 0:00:33]} gxf5 {[%emt 0:00:41]} 31. Nxf4 {[%emt 0:00:18]} Re7 {[%emt 0:02:21]} 32. Qd5 {[%emt 0:00:21]} Qf6 {[%emt 0:00:24]} 33. Re1 {[%emt 0:05:30]} Qd4+ {[%emt 0:00:35]} 34. Qxd4 {[%emt 0:00:20]} Nxd4 {[%emt 0:00:11]} 35. Rxe7+ {[%emt 0:00:05]} Kxe7 {[%emt 0:00:05]} 36. c3 {[%emt 0:00:31]} Nc6 {[%emt 0:01:02]} 37. Nd5+ {[%emt 0:00:11]} Kf7 {[%emt 0:00:10]} 38. Kf2 {[%emt 0:00:53]} Ne5 {[%emt 0:00:44]} 39. Ke2 {[%emt 0:01:03]} h6 {[%emt 0:01:38]} 40. Nc7 {[%emt 0:00:00]} b4 {[%emt 0:00:00]} 41. cxb4 {[%emt 0:01:06]} cxb4 {[%emt 0:00:24]} 42. Nd5 {[%emt 0:00:13]} b3 {[%emt 0:08:06]} 43. Ne3 {[%emt 0:00:18]} Ke6 {[%emt 0:02:59]} 44. d4 {[%emt 0:01:28]} Ng4 {[%emt 0:06:39]} 45. h3 {[%emt 0:04:01]} Nf6 {[%emt 0:03:14]} 46. Kd3 {[%emt 0:00:16]} h5 {[%emt 0:02:27]} 47. Ng2 {[%emt 0:01:08]} Kd5 {[%emt 0:02:50]} 48. Nf4+ {[%emt 0:00:14]} Kc6 {[%emt 0:00:11]} 49. Kc4 {[%emt 0:03:20]} Ne4 {[%emt 0:00:48]} 50. Nxh5 {[%emt 0:00:10]} Nf2 {[%emt 0:01:16]} 51. Nf4 {[%emt 0:00:25]} Ne4 {[%emt 0:01:02]} 52. Ne2 {[%emt 0:00:30]} Nd2+ {[%emt 0:00:54]} 53. Kc3 {[%emt 0:00:10]} Nf3 {[%emt 0:00:44]} 54. Kxb3 {[%emt 0:00:46]} Kd5 {[%emt 0:00:11]} 55. Kc3 {[%emt 0:00:10]} Ke4 {[%emt 0:00:19]} 56. b4 {[%emt 0:00:43]} Ke3 {[%emt 0:00:09]} 57. b5 {[%emt 0:01:14]} Ng5 {[%emt 0:01:36]} 58. b6 {[%emt 0:00:37]} Ne4+ {[%emt 0:00:06]} 59. Kc4 {[%emt 0:01:06]} Nf6 {[%emt 0:00:34]} 60. Nf4 {[%emt 0:00:42]} Kf3 {[%emt 0:00:31]} 61. b7 {[%emt 0:00:42]} Nd7 {[%emt 0:00:03]} 62. Nh5 {[%emt 0:00:57]} Kg2 {[%emt 0:00:25]} 63. h4 {[%emt 0:00:40]} Kh3 {[%emt 0:00:08]} 64. Kb5 {[%emt 0:00:21]} Nb8 {[%emt 0:00:12]} 65. Ng7 {[%emt 0:00:37]} Kxg3 {[%emt 0:00:31]} 66. Nxf5+ {[%emt 0:00:07]} Kg4 {[%emt 0:00:08]} 67. Ne7 {[%emt 0:00:17]} Kxh4 {[%emt 0:00:10]} 68. Nc6 {[%emt 0:00:08]} Nd7 {[%emt 0:00:17]} 69. b8=Q {[%emt 0:00:10]} Nxb8 {[%emt 0:00:03]} 70. Nxb8 {[%emt 0:00:12]} Kg4 {[%emt 0:00:06]} 71. d5 {[%emt 0:00:08]} Kf5 {[%emt 0:00:05]} 72. Kc6 {[%emt 0:00:06]} Ke5 {[%emt 0:00:05]} 73. Na6 {[%emt 0:00:08]} Kf6 {[%emt 0:00:09]} 74. Kxd6 {[%emt 0:00:07]} Kf7 {[%emt 0:00:06]} 75. Nc7 {[%emt 0:00:09]} Kf8 {[%emt 0:00:10]} 76. Ke6 {[%emt 0:00:07]} Kg7 {[%emt 0:00:03]} 77. d6 {[%emt 0:00:08]} Kf8 {[%emt 0:00:06]} 78. d7 {[%emt 0:00:06]} Kg7 {[%emt 0:00:03]} 79. d8=Q Kg6 {[%emt 0:00:04]} 80. Qg8+ {[%emt 0:00:53]} Kh5 {[%emt 0:00:06]} 81. Kf5 {[%emt 0:00:12]} Kh4 {[%emt 0:00:04]} 82. Kf4 {[%emt 0:00:23]} Kh5 {[%emt 0:00:05]} 83. Qh7# {[%emt 0:00:05]} 1-0

[Event "IIFL Wealth  4th Mumbai Junior U-13"]
[Site "Mumbai"]
[Date "2019.01.03"]
[Round "5"]
[White "Pawar, Harshit"]
[Black "Arjun Sidharth S"]
[Result "1-0"]
[WhiteElo "1671"]
[BlackElo "1489"]
[Annotator "NA RC"]
[PlyCount "111"]
[EventDate "2018.12.30"]
[EventType "swiss"]
[EventCountry "IND"]
[SourceTitle "playchess.com"]
[Source "ChessBase"]
[SourceQuality "1"]
[TimeControl "40/5400+30:1800+30"]

1. e4 {[%emt 0:00:00]} c5 {[%emt 0:00:00]} 2. a3 {[%emt 0:04:50]} Nc6 {[%emt 0:02:15]} 3. b4 {[%emt 0:01:08]} cxb4 {[%emt 0:05:30]} 4. axb4 {[%emt 0:02:36]} Nxb4 {[%emt 0:02:47]} 5. c3 {[%emt 0:01:35]} Nc6 {[%emt 0:00:20]} 6. d4 {[%emt 0:02:20]} d6 {[%emt 0:09:00]} 7. Bd3 {[%emt 0:02:46]} g6 {[%emt 0:05:19]} 8. Be3 {[%emt 0:03:13]} a6 {[%emt 0:02:06]} 9. Ne2 {[%emt 0:02:16]} Bg7 10. O-O {[%emt 0:01:32]} Nf6 {[%emt 0:00:59]} 11. f3 {[%emt 0:01:49]} O-O {[%emt 0:00:41]} 12. Nd2 {[%emt 0:02:01]} e5 {[%emt 0:07:42]} 13. d5 {[%emt 0:03:03]} Ne7 {[%emt 0:02:36]} 14. Qc2 {[%emt 0:13:00]} Nd7 {[%emt 0:01:50]} 15. Nb3 {[%emt 0:05:39]} f5 {[%emt 0:03:05]} 16. Rfb1 {[%emt 0:03:32]} f4 {[%emt 0:07:18]} 17. Bf2 {[%emt 0:00:27]} g5 {[%emt 0:00:30]} 18. Na5 {[%emt 0:03:49]} Qc7 {[%emt 0:02:12]} 19. Rb4 {[%emt 0:05:28]} b6 {[%emt 0:06:59]} 20. Nc6 {[%emt 0:02:12]} Nxc6 {[%emt 0:02:17]} 21. dxc6 {[%emt 0:01:05]} Nc5 {[%emt 0:00:17]} 22. Bxc5 {[%emt 0:00:58]} dxc5 {[%emt 0:03:30]} 23. Qb3+ {[%emt 0:01:11]} Kh8 {[%emt 0:00:13]} 24. Rxb6 {[%emt 0:00:56]} g4 {[%emt 0:01:18]} 25. Kh1 {[%emt 0:06:11]} Rf6 {[%emt 0:05:25]} 26. fxg4 {[%emt 0:04:18]} Rxc6 {[%emt 0:02:12]} 27. Rxc6 {[%emt 0:02:40]} Qxc6 {[%emt 0:00:32]} 28. Bc4 {[%emt 0:02:14]} Qb7 {[%emt 0:10:56]} 29. Qd1 {[%emt 0:02:15]} Qd7 {[%emt 0:00:54]} 30. Qc2 {[%emt 0:06:53]} Qxg4 {[%emt 0:02:16]} 31. Rd1 {[%emt 0:01:02]} Be6 {[%emt 0:01:29]} 32. h3 {[%emt 0:01:43]} Qg6 {[%emt 0:01:16]} 33. Rd6 {[%emt 0:00:47]} Re8 {[%emt 0:01:35]} 34. Qa4 {[%emt 0:01:43]} Qf7 {[%emt 0:05:01]} 35. Rxe6 {[%emt 0:06:40]} Rxe6 {[%emt 0:00:22]} 36. Qb3 {[%emt 0:00:35]} f3 {[%emt 0:02:33]} 37. Ng3 {[%emt 0:00:55]} f2 {[%emt 0:01:44]} 38. Nf1 {[%emt 0:00:29]} Rb6 {[%emt 0:01:08]} 39. Bxf7 {[%emt 0:00:18]} Rxb3 {[%emt 0:00:04]} 40. Bxb3 {[%emt 0:00:00]} Bh6 {[%emt 0:00:00]} 41. g3 {[%emt 0:00:33]} Bc1 {[%emt 0:00:34]} 42. Kg2 {[%emt 0:00:16]} Bb2 {[%emt 0:00:13]} 43. c4 {[%emt 0:00:08]} Bd4 {[%emt 0:00:03]} 44. Nh2 {[%emt 0:00:28]} Kg7 {[%emt 0:01:19]} 45. Ng4 {[%emt 0:00:07]} Kf7 {[%emt 0:00:24]} 46. Nxf2 {[%emt 0:00:13]} Ke6 {[%emt 0:00:16]} 47. Ng4 {[%emt 0:00:57]} h5 {[%emt 0:00:32]} 48. Nh6 {[%emt 0:00:11]} Kd6 {[%emt 0:00:11]} 49. Bd1 {[%emt 0:01:25]} Kc6 {[%emt 0:00:24]} 50. Bxh5 {[%emt 0:00:21]} Kb6 {[%emt 0:00:11]} 51. Nf7 {[%emt 0:00:15]} Ka5 {[%emt 0:00:07]} 52. Nd6 {[%emt 0:00:31]} Kb4 {[%emt 0:00:11]} 53. Bd1 {[%emt 0:00:35]} a5 {[%emt 0:00:18]} 54. g4 {[%emt 0:00:24]} a4 {[%emt 0:00:30]} 55. Bxa4 {[%emt 0:00:17]} Kxa4 {[%emt 0:00:09]} 56. g5 {[%emt 0:00:14]} 1-0

[Event "IIFL Wealth  4th Mumbai Junior U-13"]
[Site "Mumbai"]
[Date "2019.01.03"]
[Round "5"]
[White "Shreyas Ghadi"]
[Black "Tikam Aradhya"]
[Result "1-0"]
[WhiteElo "1653"]
[BlackElo "1332"]
[Annotator "NA RC"]
[PlyCount "149"]
[EventDate "2018.12.30"]
[EventType "swiss"]
[EventCountry "IND"]
[SourceTitle "playchess.com"]
[Source "ChessBase"]
[SourceQuality "1"]
[TimeControl "40/5400+30:1800+30"]

1. d4 Nf6 2. c4 g6 3. Nc3 d5 4. cxd5 Nxd5 5. Bd2 Bg7 6. e4 Nxc3 7. Bxc3 b6 8. Nf3 Bb7 9. Qc2 Nd7 10. Bc4 O-O 11. e5 e6 12. O-O-O Qe7 13. h4 h5 14. Qe2 a6 15. a3 b5 16. Ba2 Rfc8 17. b4 Nb6 18. Kb1 Nd5 19. Bxd5 Bxd5 20. Rdg1 Bc4 21. Qe3 f5 22. exf6 Qxf6 23. Kb2 Bd5 24. Rh3 Rf8 25. Rc1 c6 26. Rc2 Qf4 27. Qe1 Rae8 28. Re2 Qd6 29. Ne5 Bxe5 30. dxe5 Qd7 31. Rg3 Kh7 32. Rg5 Rg8 33. Qb1 Rg7 34. Rxh5+ Kg8 35. Rg5 Qf7 36. Rg4 Qf5 37. Qxf5 gxf5 38. Rxg7+ Kxg7 39. g3 Kg6 40. Rd2 Kf7 41. Bd4 Rg8 42. Be3 Kg6 43. Kc3 Ra8 44. Bb6 Rb8 45. Ba5 Kf7 46. Kd4 Ke7 47. Bc7 Rb7 48. Bd6+ Kf7 49. Kc5 Kg6 50. Rd4 Kh5 51. Rf4 Be4 52. g4+ Kg6 53. f3 Bd5 54. gxf5+ exf5 55. e6 Bxe6 56. Kxc6 Rd7 57. Rd4 Rh7 58. Bc7 Rh8 59. Bd8 Kf7 60. Kb7 Rh6 61. Bg5 Rg6 62. f4 Bc4 63. h5 Re6 64. Rd7+ Ke8 65. Rd8+ Kf7 66. h6 Kg6 67. Rd7 Re8 68. Rg7+ Kh5 69. h7 Bd5+ 70. Kxa6 Rh8 71. Kxb5 Rb8+ 72. Ka6 Bc4+ 73. Ka7 Rh8 74. Rc7 Be6 75. Bf6 1-0

[Event "IIFL Wealth  4th Mumbai Junior U-13"]
[Site "Mumbai"]
[Date "2019.01.03"]
[Round "5"]
[White "Kadam Rishi R"]
[Black "Kriti Mayur Patel"]
[Result "1-0"]
[WhiteElo "1604"]
[BlackElo "1439"]
[Annotator "NA"]
[PlyCount "27"]
[EventDate "2018.12.30"]
[EventType "swiss"]
[EventCountry "IND"]
[SourceTitle "playchess.com"]
[Source "ChessBase"]
[SourceQuality "1"]
[TimeControl "40/5400+30:1800+30"]

1. e4 {[%emt 0:00:00]} e5 {[%emt 0:00:00]} 2. Nf3 {[%emt 0:00:00]} Nc6 {[%emt 0:00:00]} 3. Bc4 {[%emt 0:00:00]} Nf6 {[%emt 0:00:00]} 4. d3 {[%emt 0:00:05]} Bc5 {[%emt 0:00:00]} 5. c3 {[%emt 0:00:08]} d6 {[%emt 0:00:04]} 6. O-O {[%emt 0:01:12]} a6 {[%emt 0:01:11]} 7. Bb3 {[%emt 0:01:05]} Ba7 {[%emt 0:00:19]} 8. Nbd2 {[%emt 0:01:06]} Ne7 {[%emt 0:02:17]} 9. Re1 {[%emt 0:04:13]} Ng6 {[%emt 0:00:48]} 10. Nf1 {[%emt 0:00:25]} Nh5 {[%emt 0:06:21]} 11. Bxf7+ {[%emt 0:21:45]} Kxf7 {[%emt 0:16:31]} 12. Ng5+ {[%emt 0:00:44]} Kf8 {[%emt 0:02:24]} 13. Qxh5 {[%emt 0:00:08]} Qf6 {[%emt 0:01:01]} 14. Qf3 {[%emt 0:17:37]} 1-0

[Event "IIFL Wealth  4th Mumbai Junior U-13"]
[Site "Mumbai"]
[Date "2019.01.03"]
[Round "5"]
[White "Bang Atharva"]
[Black "Agarwal Mukund H"]
[Result "1-0"]
[WhiteElo "1582"]
[BlackElo "1375"]
[Annotator "NA RC"]
[PlyCount "95"]
[EventDate "2018.12.30"]
[EventType "swiss"]
[EventCountry "IND"]
[SourceTitle "playchess.com"]
[Source "ChessBase"]
[SourceQuality "1"]
[TimeControl "40/5400+30:1800+30"]

1. d4 {[%emt 0:00:00]} Nf6 {[%emt 0:00:00]} 2. Nf3 {[%emt 0:00:00]} d5 {[%emt 0:00:00]} 3. e3 {[%emt 0:00:03]} e6 {[%emt 0:00:40]} 4. Bd3 {[%emt 0:00:09]} Be7 {[%emt 0:01:31]} 5. O-O {[%emt 0:01:26]} Nbd7 {[%emt 0:02:10]} 6. b3 {[%emt 0:01:40]} O-O {[%emt 0:00:27]} 7. Bb2 {[%emt 0:01:10]} b6 {[%emt 0:01:41]} 8. Nbd2 {[%emt 0:00:10]} Bb7 {[%emt 0:00:39]} 9. Ne5 {[%emt 0:02:36]} c5 {[%emt 0:07:16]} 10. f4 {[%emt 0:03:20]} Re8 {[%emt 0:05:23]} 11. Ndf3 {[%emt 0:18:57]} Nxe5 12. Nxe5 {[%emt 0:08:40]} Bd6 {[%emt 0:16:13]} 13. Qe2 {[%emt 0:03:50]} Bxe5 {[%emt 0:12:28]} 14. fxe5 Ne4 15. Rad1 {[%emt 0:09:24]} Qg5 {[%emt 0:08:51]} 16. Bxe4 {[%emt 0:01:33]} dxe4 {[%emt 0:01:56]} 17. Qf2 {[%emt 0:08:25]} Qg6 {[%emt 0:03:53]} 18. dxc5 {[%emt 0:00:08]} Ba6 {[%emt 0:00:21]} 19. c4 {[%emt 0:00:18]} bxc5 {[%emt 0:00:43]} 20. Rd7 {[%emt 0:00:27]} Qf5 {[%emt 0:05:53]} 21. Qxf5 {[%emt 0:00:37]} exf5 {[%emt 0:02:01]} 22. Rxf5 {[%emt 0:00:01]} Bc8 {[%emt 0:00:02]} 23. Rfxf7 {[%emt 0:00:13]} Bxd7 {[%emt 0:00:03]} 24. Rxd7 {[%emt 0:00:08]} Rad8 {[%emt 0:00:16]} 25. Rd5 {[%emt 0:00:12]} Kf7 {[%emt 0:01:29]} 26. Bc3 {[%emt 0:00:07]} Rc8 {[%emt 0:03:00]} 27. Kf2 {[%emt 0:00:19]} Red8 {[%emt 0:01:26]} 28. Ba5 {[%emt 0:00:39]} Re8 {[%emt 0:01:07]} 29. Kg3 {[%emt 0:00:10]} g5 {[%emt 0:00:46]} 30. Kg4 {[%emt 0:00:45]} Ke6 {[%emt 0:01:09]} 31. Rd6+ {[%emt 0:07:31]} Kxe5 {[%emt 0:03:05]} 32. Ra6 {[%emt 0:00:08]} h5+ {[%emt 0:01:44]} 33. Kxh5 {[%emt 0:00:15]} Rcd8 {[%emt 0:07:11]} 34. Bc3+ {[%emt 0:00:17]} Rd4 {[%emt 0:00:13]} 35. exd4+ {[%emt 0:00:06]} cxd4 {[%emt 0:00:02]} 36. Ra5+ {[%emt 0:00:01]} Kf4 {[%emt 0:00:33]} 37. Bxd4 {[%emt 0:00:21]} e3 {[%emt 0:00:06]} 38. g3+ {[%emt 0:01:00]} Kf3 {[%emt 0:00:04]} 39. Re5 {[%emt 0:00:10]} Rxe5 {[%emt 0:00:41]} 40. Bxe5 {[%emt 0:00:00]} Ke4 {[%emt 0:00:00]} 41. Bc3 {[%emt 0:00:14]} Kd3 {[%emt 0:00:44]} 42. Ba5 {[%emt 0:00:18]} Kc2 {[%emt 0:00:10]} 43. c5 {[%emt 0:00:07]} Kb2 {[%emt 0:00:05]} 44. c6 {[%emt 0:00:05]} Ka1 {[%emt 0:00:02]} 45. c7 {[%emt 0:00:07]} g4 {[%emt 0:00:04]} 46. c8=Q {[%emt 0:00:09]} e2 {[%emt 0:00:06]} 47. Qc2 {[%emt 0:00:22]} a6 {[%emt 0:00:10]} 48. Bc3# {[%emt 0:00:04]} 1-0